Capitales de América - Estadísticas

Estadísticas generales
  • Esta prueba ha sido intentada 19.240 veces
  • La puntuación promedio es 24 de 36
Estadísticas de respuestas
Pais Capital % Correcto
Argentina Buenos Aires
98%
Brasil Brasilia
95%
México Ciudad de México
93%
Estados Unidos Washington D.C
93%
Colombia Bogotá
92%
Perú Lima
92%
Chile Santiago de Chile
92%
Canadá Ottawa
91%
Venezuela Caracas
89%
Cuba La Habana
87%
Ecuador Quito
87%
Bolivia Sucre / La Paz
87%
Uruguay Montevideo
86%
Panamá Ciudad de Panamá
81%
El Salvador San Salvador
79%
Paraguay Asunción
76%
Guatemala Ciudad de Guatemala
75%
Costa Rica San José
75%
Nicaragua Managua
70%
República Dominicana Santo Domingo
70%
Jamaica Kingston
65%
Haití Puerto Príncipe
64%
Honduras Tegucigalpa
63%
Guyana Georgetown
59%
Belice Belmopán
55%
Bahamas Nasáu
50%
Trinidad y Tobago Puerto España
50%
Surinam Paramaribo
47%
Antigua y Barbuda Saint John
43%
San Vicente y las Granadinas Kingstown
41%
Barbados Bridgetown
38%
Granada Saint George
38%
Dominica Roseau
36%
San Cristóbal y Nieves Basseterre
29%
Santa Lucía Castries
29%
Guyana Francesa Cayena
28%
No se encontraron pruebas coincidentes
Distribución de puntuación
Porcentaje de gente con cada puntuación
Porcentaje por número respondido
Historial de tus puntuaciones
No has intentado esta prueba.